[Event "VIE-ch U11"]
[Site "Ho Chi Minh City"]
[Date "2014.07.18"]
[Round "9"]
[White "Le, Quang Khai"]
[Black "Huynh, Phuong Quang"]
[Result "1/2-1/2"]
[WhiteElo "1969"]
[BlackElo "1933"]
[PlyCount "38"]
[EventDate "2014.07.13"]
[EventType "swiss"]
[EventRounds "9"]
[EventCountry "VIE"]
[SourceTitle "EXT 2016"]
[Source "ChessBase"]
[SourceDate "2015.10.08"]
[SourceVersion "1"]
[SourceVersionDate "2015.10.08"]
[SourceQuality "1"]

1. d4 e6 2. c4 Nf6 3. Nc3 d5 4. c5 Nc6 5. Qa4 Bd7 6. Nf3 g6 7. Bg5 Bg7 8. e3 a6 9. Bd3 0-0 10. 0-0 Qc8 11. Qd1 Re8 12. h3 e5 13. dxe5 Nxe5 14. Nxe5 Rxe5 15. Bf4 Re8 16. b4 b6 17. cxb6 cxb6 18. Na4 Qb7 19. Rc1 Rac8 1/2-1/2